| 000 | 00672nam a22001937a 4500 | ||
|---|---|---|---|
| 005 | 20100726160113.0 | ||
| 010 | _aENG- 96829 | ||
| 020 |
_a8175242906 _c750.00 |
||
| 035 | _aEN-80362 | ||
| 037 | _bDBAD/PUB | ||
| 082 | _a796.42 | ||
| 100 |
_aSharma, N P _91563 |
||
| 245 |
_aFundamental of track and field / _cby N P Sharma |
||
| 260 |
_aNew Delhi _bKhel sahitya kendra _c2010 |
||
| 270 |
_a7/26 Ansari Road Darya Ganj _bNew Delhi _e110002 |
||
| 300 |
_a403 p _c21 cm (Hb) |
||
| 942 |
_2ddc _cEN _h796.42 _mSHA |
||
| 999 |
_c37791 _d37791 |
||